| 000 | 01064nam a2200325 a 4500 | ||
|---|---|---|---|
| 999 |
_c7460 _d7460 |
||
| 001 | 991030954039706706 | ||
| 003 | OSt | ||
| 005 | 20211130131926.0 | ||
| 008 | 110408s2010 spca||| |||| 0|0 p cat | ||
| 015 |
_aLL2011 _2bnc |
||
| 017 |
_aDL B. 4896-2010 _bBiblioteca de Catalunya |
||
| 020 | _a9788496986091 | ||
| 035 | _a(ES-BaCBU)b48304396-34csuc_network | ||
| 035 | _a(ES-BaCBU).b48304396 | ||
| 035 | _a(ccuc001)b48304396 | ||
| 040 |
_aES-BaBC _bcat _cES-BaBC _dCDMR |
||
| 080 | _a929Fabre i Fornaguera, Jaume | ||
| 100 | 1 |
_aFerrer, Joaquim _93319 |
|
| 245 | 1 | 0 |
_aJaume Fabre i Fornaguera : _ben la millor continuïtat del periodisme català / _cJoaquim Ferrer |
| 260 |
_aBarcelona : _bFundacio Paco Candel, _cDL 2010 |
||
| 300 |
_a4 p. : _bil. col. ; _c26 cm |
||
| 490 | 1 |
_aFulls candelians ; _v1 |
|
| 600 | 1 | 0 |
_aFabre, Jaume _2lemac _9229 |
| 710 | 2 | _aFundació Paco Candel. | |
| 830 | 0 |
_aFulls candelians ; _v1 |
|
| 907 |
_a.b48304396 _b17-02-21 _c07-04-11 _d07-04-11 _em _fa _g- _hcat _ispc _j0 _k0 |
||
| 908 | _aBC | ||
| 940 | _aBC | ||
| 942 |
_2udc _cFULLET |
||